Statystyki dla 10 państw z największą liczbą Hindusów

Kliknij tutaj aby rozwiązać quiz!

Ogólne statystyki

  • Ten quiz został rozwiązany 459 razy
  • Średni wynik to 7 z 10

Statystyki odpowiedzi

# HindusiPaństwo% Poprawnych
1,040 milIndie
99%
3.63 milPakistan
79%
23.5 milNepal
75%
13.6 milBangladesz
74%
2.23 milStany Zjednoczone
72%
10.0 milIndonezja
65%
2.67 milSri Lanka
62%
0.893 milMjanma
60%
1.95 milMalezja
54%
0.832 milWielka Brytania
54%

Rozkład punktacji

Percentyl według liczby udzielonych odpowiedzi

Procent ludzi z każdym wynikiem

Twoja historia wyników

Nie rozwiązałeś tego quizu